1833 1625 1199 1479 1970 1122 1378 1836 1868 1081 1576 1699 1063 1802 1843 1957 1470 1741 1215 1203 1633 1241 1534 1154 1957 1578 1887 1960 1067 1464 1277 1585 1001 1416 1545 1402 1945 1188 1720 1879 1579 1207 1734 1415 1928 1712 1299 1953 1622 1518 1989 1344 1564 1411 1875 1960 1747 1918 1334 1283 1211 1467 1291 1812 1790 1079 1250 1711 1955 1098 1411 1281 1225 1639 1532 1822 1917 1254 1710 1121 1396 1277 1623 1461 1109 1406 1618 1679 1888 1403 1240 1163 1514 1365 1484 1723 1687 1526 1988 BCNSPRNW ULIB Ver.6.0+V

เปลี่ยนเป็นภาษาไทย

Change to English
 แสดงรายละเอียดบรรณานุกรม
  กลับหน้าหลัก

Brief Record : Get Marc (ISO 2709) : E-mail record : QR code < ปิดหน้าต่าง
LEADER : 00000nam 2200000uu 4500
001    13399126141
003     ULIB
008    180612s2015||||th 000 0 tha d
020    ^a9781107464438
050 00 ^aPE1128^bC172^cV.10
245 10 ^aCambridge practice tests for IELTS 10
260    ^aCambridge :^bCambridge University Press,^c2015
300    ^a179 p.:^bill. ;^c25 cm.
650 00 ^aInternational English Language Testing System.
650 00 ^aEnglish language^xExaminations, questions, etc.
650 00 ^aEnglish language^xTextbooks for foreign speakers
945    ^p530^l0^i004237
999    ^aวรรณษา ชูชัยมงคล
รายการนี้ยังไม่มีแท็ก
คุณยังไม่ได้ล็อกอิน คุณสามารถมีกิจกรรมร่วมกับเว็บไซต์ได้ แต่ต้องล็อกอินก่อน ::
  ล็อกอิน

รายการสื่อสารสนเทศ

ลำดับที่ ประเภท เลขเรียก/บาร์โค้ด สถานที่ สถานะ
1. วิทยาศาสตร์การแพทย์ และสุขภาพ
หนังสือสำรอง
สถานะ=หนังสือสำรอง
PE1128 C172 V.10 ฉ.1 
  Barcode: 004237
ห้องสมุดวิทยาเขตสวรรค์ประชารักษ์
►หนังสือทั่วไป
ถูกยืม กำหนดส่งวันที่ 4 มกราคม 2569
  จอง

รายการใกล้เคียง
    ชื่อเรื่อง [Cambridge practice tests for IELTS 10]

    หัวเรื่อง [International English Language Testing System.]

BibComment


ยังไม่เคยถูกคอมเมนท์

คอมเมนท์ทรัพยากรรายการนี้
  คอมเมนท์: Cambridge practi..


 Copyright 2026. Bcnsprnw @Library